Estadísticas para Quiz Argentina - ¿En qué provincia queda?

Haz click aquí para intentar la prueba.

Estadísticas generales

  • Esta prueba ha sido intentada 15 veces
    (11 desde el último reinicio)
  • La puntuación promedio es 9 de 10

Estadísticas de respuestas

NombreProvincia donde queda% Correcto
Península de ValdésChubut
100%
Cerro UritorcoCórdoba
100%
Cerro Siete ColoresJujuy
100%
Glaciar Perito MorenoSanta Cruz
100%
Ruinas de QuilmesTucumán
100%
Sierra de la VentanaBuenos Aires
90%
Campo de Piedra PómezCatamarca
90%
Valle de la LunaSan Juan
90%
Cerro de la GloriaMendoza
80%
Bañados de FigueroaSantiago del Estero
70%

Distribución de puntuación

Porcentaje por número respondido

Porcentaje de gente con cada puntuación

Historial de tus puntuaciones

No has intentado esta prueba desde el último reinicio